[Event "4NCL Spring GM Round Robin"]
[Site "The Milestone Peterborough Hotel"]
[Date "2024.03.23"]
[Round "1"]
[Board "1"]
[White "Makkar, Rajat"]
[Black "Gumularz, Szymon"]
[Result "1/2-1/2"]
[WhiteElo "2434"]
[BlackElo "2590"]
[PlyCount "0"]
[EventDate "2024.03.23"]
[EventRounds "9"]
[EventCountry "ENG"]

1. d4 Nf6 2. c4 e6 3. Nc3 Bb4 4. e3 O-O 5. Bd2 b6 6. Nf3 Bxc3 7. Bxc3 Ne4 8. Qc2
Nxc3 9. Qxc3 Bb7 10. Bd3 f5 11. O-O-O Qf6 12. Kb1 c5 13. dxc5 Qxc3 14. bxc3 bxc5
15. Bc2 Kf7 16. e4 fxe4 17. Ng5+ Ke7 18. Nxe4 Bxe4 19. Bxe4 Nc6 20. Bxc6 dxc6 21.
Rd2 Rf4 22. Re1 Raf8 23. f3 Rxc4 24. Rde2 Rb8+ 25. Kc2 Ra4 26. Rxe6+ Kf7 27. Rxc6
Rxa2+ 28. Kd3 Rxg2 29. Rxc5 Rd8+ 30. Kc4 Rxh2 31. Rc7+ Kg8 32. Rg1 g6 33. Ra1 Rh4+
34. Kc5 Rh5+ 35. Kc6 Rf8  1/2-1/2

[Event "4NCL Spring GM Round Robin"]
[Site "The Milestone Peterborough Hotel"]
[Date "2024.03.23"]
[Round "1"]
[Board "2"]
[White "Kalavannan, Koby"]
[Black "Royal, Shreyas"]
[Result "0-1"]
[WhiteElo "2324"]
[BlackElo "2457"]
[PlyCount "0"]
[EventDate "2024.03.23"]
[EventRounds "9"]
[EventCountry "ENG"]

1. d4 d5 2. Nf3 Nf6 3. g3 c5 4. Bg2 cxd4 5. O-O h6 6. Bf4 e6 7. Nxd4 g5 8. Be5 Nbd7
9. Bxf6 Nxf6 10. c4 Bg7 11. Qa4+ Bd7 12. Qb4 Qb6 13. Qxb6 axb6 14. Na3 Ke7 15. Rfd1
Ra4 16. Rac1 Rc8 17. e3 dxc4 18. Bxb7 Rc5 19. Ne2 b5 20. Bg2 Nd5 21. Nd4 Nb4 22.
Rd2 Nxa2 23. Rcd1 Be8 24. Nb1 Ra7 25. f4 b4 26. b3 cxb3 27. Nxb3 Rcc7 28. Nd4 Nc3
29. Rf1 Bxd4 30. exd4 Bb5 31. Re1 Ra1 32. Rb2 Bd3 33. Rxb4 Rxb1 34. Rbxb1 Bxb1 35.
fxg5 hxg5 36. d5 Ba2 37. dxe6 fxe6 38. h4 g4 39. Re5 Bd5 40. Rg5 Bxg2 41. Kxg2 Rc4
42. h5 Kf6 43. Rg8 Kf7 44. Rg5 Kf6 45. Rg8 Nd5 46. h6 Rc7 47. Kf2 Rh7 48. Rxg4 Rxh6
49. Kf3 Rh1 50. Rg8 Ra1 51. Rf8+ Ke5 52. Kg4 Nf6+ 53. Kf3 Ra3+ 54. Kf2 Ne4+  0-1

[Event "4NCL Spring GM Round Robin"]
[Site "The Milestone Peterborough Hotel"]
[Date "2024.03.23"]
[Round "1"]
[Board "3"]
[White "Chow, Samuel"]
[Black "Wadsworth, Matthew J"]
[Result "0-1"]
[WhiteElo "2356"]
[BlackElo "2450"]
[PlyCount "0"]
[EventDate "2024.03.23"]
[EventRounds "9"]
[EventCountry "ENG"]

1. d4 d5 2. c4 c6 3. Nc3 Nf6 4. e3 Bf5 5. cxd5 cxd5 6. Qb3 Nc6 7. Qxb7 Bd7 8. Qb3
Rb8 9. Qd1 e5 10. dxe5 Nxe5 11. Be2 Bd6 12. Nf3 Nxf3+ 13. Bxf3 Qc7 14. h3 O-O 15.
O-O Rfd8 16. Qe2 Bh2+ 17. Kh1 Be5 18. Rd1 Be6 19. Kg1 Bh2+ 20. Kh1 Be5 21. Kg1 Qe7
22. Nb5 Bd7 23. a4 Rb6 24. Bd2 Rdb8 25. Bc3 a6 26. Bxe5 Qxe5 27. Nd4 Ne4 28. Bxe4
dxe4 29. f4 exf3 30. Nxf3 Qe8 31. Rd2 Bxa4 32. Nd4 h6 33. Ra3 Bc6 34. Nxc6 Qxc6 35.
Rc3 Qe4 36. Rdc2 Kh7 37. Rc4 Qe6 38. Qd3+ g6 39. Re4 Qa2 40. Re7 Rxb2 41. Rxb2 Rxb2
42. Qe4 Qb1+ 43. Qxb1 Rxb1+ 44. Kf2 Kg7 45. Ra7 Ra1 46. e4 a5 47. e5 Kf8 48. Ke2
a4 49. Kd3 a3 50. Kc3 h5 51. h4 a2 52. Kb2 Rg1 53. Kxa2 Rxg2+ 54. Kb3 Rg4 55. Kc3
Rxh4 56. Kd3 Rf4 57. Ke3 g5 58. Ra5 h4 59. e6 f6 60. Ra7 h3 61. Rh7 Rh4  0-1

[Event "4NCL Spring GM Round Robin"]
[Site "The Milestone Peterborough Hotel"]
[Date "2024.03.23"]
[Round "1"]
[Board "4"]
[White "Teclaf, Pawel"]
[Black "Agdelen, Hueseyin Can"]
[Result "1-0"]
[WhiteElo "2556"]
[BlackElo "2408"]
[PlyCount "0"]
[EventDate "2024.03.23"]
[EventRounds "9"]
[EventCountry "ENG"]

1. c4 e6 2. g3 d5 3. Bg2 Nf6 4. Nf3 d4 5. O-O c5 6. e3 Nc6 7. exd4 cxd4 8. d3 Bc5
9. Bg5 h6 10. Bxf6 Qxf6 11. Nbd2 Qe7 12. Nb3 Bb6 13. Rc1 Qd8 14. Qe2 O-O 15. Ne5
Bd7 16. Nxc6 Bxc6 17. Bxc6 bxc6 18. c5 Bc7 19. Qe4 Qd5 20. Nxd4 Qxa2 21. Nxc6 Qxb2
22. Rb1 Qa3 23. Qc4 Bd8 24. Rfc1 Bf6 25. Rc2 Rac8 26. Ra2 Qxa2 27. Qxa2 Rxc6 28.
Qxa7 Rfc8 29. Rb5 R6c7 30. Qa4 g6 31. d4 Bg7 32. Qb4 Rd7 33. Rb8  1-0

[Event "4NCL Spring GM Round Robin"]
[Site "The Milestone Peterborough Hotel"]
[Date "2024.03.23"]
[Round "1"]
[Board "5"]
[White "Harvey, Marcus R"]
[Black "Cherniaev, Alexander"]
[Result "1-0"]
[WhiteElo "2468"]
[BlackElo "2375"]
[PlyCount "0"]
[EventDate "2024.03.23"]
[EventRounds "9"]
[EventCountry "ENG"]

1. c4 g6 2. e4 Bg7 3. d4 d6 4. Nc3 e5 5. d5 h5 6. Bd3 Bh6 7. Bxh6 Nxh6 8. Qd2 Nd7
9. Bc2 Ng4 10. Nf3 Ngf6 11. Ng5 h4 12. O-O-O Nh7 13. Nxh7 Rxh7 14. Rdf1 a6 15. g3
Nb6 16. Bd3 Bh3 17. Rfg1 Bg4 18. h3 Bd7 19. f4 Qe7 20. g4 Kf8 21. Rf1 exf4 22. Qxf4
Na4 23. Nxa4 Bxa4 24. c5 Bb5 25. cxd6 cxd6 26. Bxb5 axb5 27. Kb1 Ra4 28. Re1 Kg7
29. Rhf1 Rh8 30. Qf3 Rd4 31. g5 Re8 32. Ka1 Rc8 33. Qf2 Ra4 34. b3 Ra6 35. Kb1 Rc3
36. Qf6+ Qxf6 37. Rxf6 b4 38. Ref1 Rc7 39. R6f4 Ra5 40. Rxh4 Rac5 41. Rhf4 Rc3 42.
R4f3 b5 43. h4 Re7 44. Rxc3 bxc3 45. Re1 f5 46. gxf6+ Kxf6 47. a3 Ke5 48. Kc2 Ra7
49. Kxc3 Rxa3 50. Kb4 Ra8 51. Kxb5 Rb8+ 52. Kc6 Rxb3 53. Rg1 Rc3+ 54. Kd7 Kxe4 55.
Ke6  1-0

[Event "4NCL Spring GM Round Robin"]
[Site "The Milestone Peterborough Hotel"]
[Date "2024.03.24"]
[Round "2"]
[Board "1"]
[White "Gumularz, Szymon"]
[Black "Cherniaev, Alexander"]
[Result "1-0"]
[WhiteElo "2590"]
[BlackElo "2375"]
[PlyCount "0"]
[EventDate "2024.03.23"]
[EventRounds "9"]
[EventCountry "ENG"]

1. d4 d6 2. e4 Nf6 3. Nc3 e5 4. Nf3 Nbd7 5. Rg1 c6 6. g4 Qa5 7. Bd2 Qb6 8. g5 Nh5
9. a3 g6 10. Be3 Qc7 11. Qd2 a6 12. Ne2 Be7 13. Ng3 Ng7 14. h4 b5 15. O-O-O Bb7 16.
Bh3 Ne6 17. Nf5 gxf5 18. exf5 e4 19. fxe6 fxe6 20. Nh2 Nf8 21. Ng4 O-O-O 22. h5 Kb8
23. Nh6 Re8 24. d5 exd5 25. Bd4 Nd7 26. Bxh8 Rxh8 27. g6 hxg6 28. hxg6  1-0

[Event "4NCL Spring GM Round Robin"]
[Site "The Milestone Peterborough Hotel"]
[Date "2024.03.24"]
[Round "2"]
[Board "2"]
[White "Agdelen, Hueseyin Can"]
[Black "Harvey, Marcus R"]
[Result "0-1"]
[WhiteElo "2408"]
[BlackElo "2468"]
[PlyCount "0"]
[EventDate "2024.03.23"]
[EventRounds "9"]
[EventCountry "ENG"]

1. e4 c6 2. d4 d5 3. Nc3 dxe4 4. Nxe4 Nf6 5. Nxf6+ exf6 6. c3 Bd6 7. Bd3 O-O 8. Qc2
Re8+ 9. Ne2 h5 10. Be3 Nd7 11. O-O-O Nf8 12. Kb1 Be6 13. c4 Rc8 14. a3 Ng6 15. Nc3
Ne7 16. Rhe1 a6 17. h3 h4 18. Bc1 b5 19. Rxe6 fxe6 20. Qe2 Qd7 21. Ne4 Nf5 22. Qg4
Be7 23. Qh5 Red8 24. g4 hxg3 25. Nxg3 Qe8 26. Qg4 Rxd4 27. Bxf5 Rxg4 28. Bxe6+ Kf8
29. hxg4 Bc5 30. Bd7 Qd8 31. Ne4 Be7 32. Kc2 Kf7 33. Bf5 Qh8 34. g5 Rd8 35. g6+ Kf8
36. Re1 bxc4 37. Be3 Rd5 38. Ng3 Rxf5 39. Nxf5 Qh5  0-1

[Event "4NCL Spring GM Round Robin"]
[Site "The Milestone Peterborough Hotel"]
[Date "2024.03.24"]
[Round "2"]
[Board "4"]
[White "Royal, Shreyas"]
[Black "Chow, Samuel"]
[Result "1-0"]
[WhiteElo "2457"]
[BlackElo "2356"]
[PlyCount "0"]
[EventDate "2024.03.23"]
[EventRounds "9"]
[EventCountry "ENG"]

1. Nf3 Nf6 2. c4 g6 3. Nc3 Bg7 4. e4 e5 5. Nxe5 O-O 6. Nf3 Re8 7. d3 d5 8. cxd5 Nxd5
9. Bd2 Bg4 10. Be2 Bxf3 11. gxf3 Nb4 12. Be3 N8c6 13. a3 Na6 14. Nb5 Nd4 15. Nxd4
Bxd4 16. h4 Qf6 17. Rc1 Bxb2 18. d4 Bxc1 19. Qxc1 h5 20. e5 Qf5 21. Rg1 c5 22. Rg5
Qh3 23. Qc4 Kg7 24. d5 Qh2 25. Qe4 Nc7 26. Bd3 Kh8 27. Rxh5+ Kg8 28. Rg5 Kh8 29.
f4 Qxh4 30. Rg1 Kg7 31. Bxc5 Rad8 32. Bc4 Qh5 33. Bd4 Kf8 34. f5 Qh6 35. Bc5+ Kg7
36. Be3 Qh2 37. f6+  1-0

[Event "4NCL Spring GM Round Robin"]
[Site "The Milestone Peterborough Hotel"]
[Date "2024.03.24"]
[Round "3"]
[Board "2"]
[White "Chow, Samuel"]
[Black "Makkar, Rajat"]
[Result "0-1"]
[WhiteElo "2356"]
[BlackElo "2434"]
[PlyCount "0"]
[EventDate "2024.03.23"]
[EventRounds "9"]
[EventCountry "ENG"]

1. d4 d5 2. c4 c6 3. Nc3 Nf6 4. e3 e6 5. Nf3 Nbd7 6. Be2 b6 7. O-O Bb7 8. b3 Bd6
9. Bb2 O-O 10. Bd3 c5 11. cxd5 Nxd5 12. Nxd5 Bxd5 13. e4 Bb7 14. d5 exd5 15. exd5
Be7 16. Qc2 h6 17. Rad1 Bf6 18. Bc4 a6 19. a4 Bxb2 20. Qxb2 Qf6 21. Qc2 Rfe8 22.
Rfe1 Qd6 23. Qd3 Nf6 24. Nh4 g6 25. Re6 Rxe6 26. dxe6 Qxd3 27. exf7+ Kg7 28. Rxd3
b5 29. Be6 Be4 30. Rc3 c4 31. bxc4 b4 32. Re3 Rd8 33. h3 Rd6 34. Rxe4 Nxe4 35. Nxg6
Rd1+ 36. Kh2 Rd8 37. f8=Q+ Rxf8 38. Nxf8 Kxf8 39. c5 Nxc5 40. Bf5 Nxa4 41. Kg3 b3
42. Kf3 Nc3 43. Ke3 b2 44. Kd4 b1=Q 45. Bxb1 Nxb1 46. Kd3 Na3 47. g4 Nb5 48. f4 Nc7
49. h4 Nd5  0-1

[Event "4NCL Spring GM Round Robin"]
[Site "The Milestone Peterborough Hotel"]
[Date "2024.03.24"]
[Round "3"]
[Board "3"]
[White "Teclaf, Pawel"]
[Black "Royal, Shreyas"]
[Result "1-0"]
[WhiteElo "2556"]
[BlackElo "2457"]
[PlyCount "0"]
[EventDate "2024.03.23"]
[EventRounds "9"]
[EventCountry "ENG"]

1. Nf3 d5 2. e3 Nf6 3. c4 e6 4. b3 c5 5. cxd5 exd5 6. Bb2 Nc6 7. Nc3 Bd6 8. d4 cxd4
9. Nxd4 O-O 10. Be2 Re8 11. O-O Nxd4 12. Qxd4 Be5 13. Qd2 Ne4 14. Nxe4 Bxb2 15. Rad1
Ba3 16. Nc3 Bb4 17. Qxd5 Qe7 18. Qd4 Bxc3 19. Qxc3 Be6 20. Rd4 Rac8 21. Qd2 g6 22.
Rd1 Rc7 23. h3 Rec8 24. Bd3 Kg7 25. Be4 b6 26. Rd6 Qf6 27. f4 Qc3 28. g4 Re8 29.
Bf3 f6 30. Kf2 Ree7 31. Qxc3 Rxc3 32. Rc6 Rxc6 33. Bxc6 Rc7 34. Be4 f5 35. gxf5 gxf5
36. Bd3 Kf6 37. Rd2 a5 38. Rc2 Rxc2+ 39. Bxc2 b5 40. e4 fxe4 41. Bxe4 Bxh3 42. Bxh7
Ke6 43. Ke3 Kd5 44. Bg8+ Kd6 45. a3 b4 46. axb4 axb4 47. Kd4 Bf5 48. Kc4 Ke7 49.
Kxb4 Kf6 50. Kc5 Bg6 51. b4 Kf5 52. b5 Kxf4 53. b6 Be4 54. Bd5  1-0

[Event "4NCL Spring GM Round Robin"]
[Site "The Milestone Peterborough Hotel"]
[Date "2024.03.25"]
[Round "4"]
[Board "1"]
[White "Gumularz, Szymon"]
[Black "Agdelen, Hueseyin Can"]
[Result "1-0"]
[WhiteElo "2590"]
[BlackElo "2408"]
[PlyCount "0"]
[EventDate "2024.03.23"]
[EventRounds "9"]
[EventCountry "ENG"]

1. c4 c5 2. Nf3 Nc6 3. Nc3 e5 4. g3 g6 5. Bg2 Bg7 6. O-O Nge7 7. d3 O-O 8. Bg5 f6
9. Bd2 d6 10. a3 Be6 11. Rb1 Rc8 12. b4 b6 13. Ne1 cxb4 14. axb4 d5 15. b5 Nb8 16.
cxd5 Nxd5 17. Nxd5 Bxd5 18. Bxd5+ Qxd5 19. Qa4 Rf7 20. Nc2 Rfc7 21. Nb4 Qd7 22. e4
Qh3 23. Rfc1 Bf8 24. Nd5 Rf7 25. Rxc8 Qxc8 26. Rc1 Qg4 27. Qxa7 Qe2 28. Rc7 Qxd3
29. Rxf7 Qb1+ 30. Bc1  1-0

[Event "4NCL Spring GM Round Robin"]
[Site "The Milestone Peterborough Hotel"]
[Date "2024.03.25"]
[Round "4"]
[Board "2"]
[White "Wadsworth, Matthew J"]
[Black "Cherniaev, Alexander"]
[Result "1-0"]
[WhiteElo "2450"]
[BlackElo "2375"]
[PlyCount "0"]
[EventDate "2024.03.23"]
[EventRounds "9"]
[EventCountry "ENG"]

1. d4 d6 2. Nf3 g6 3. c4 f5 4. g3 Nf6 5. Bg2 Bg7 6. O-O O-O 7. Nc3 a5 8. Re1 Na6
9. a3 c6 10. e4 fxe4 11. Nxe4 Nxe4 12. Rxe4 Bf5 13. Re1 e5 14. dxe5 dxe5 15. Qxd8
Raxd8 16. Be3 e4 17. Ng5 Rde8 18. Bb6 Bxb2 19. Ra2 Bf6 20. Nxe4 Bxe4 21. Bxe4 Bd8
22. Ba7 Be7 23. Rae2 Kf7 24. Rb1 Nc5 25. Bf3 Bd6 26. Rd2 Be7 27. Re2 Bd6 28. Bxc5
Bxc5 29. Rxb7+ Kg8 30. Rxe8 Rxe8 31. a4 Re1+ 32. Kg2 Ra1 33. Bxc6 Ra2 34. Bd5+ Kh8
35. Rf7 Rxa4 36. Rc7 Bd4 37. c5 Ra3 38. c6 Rc3 39. f4  1-0

[Event "4NCL Spring GM Round Robin"]
[Site "The Milestone Peterborough Hotel"]
[Date "2024.03.25"]
[Round "4"]
[Board "3"]
[White "Royal, Shreyas"]
[Black "Harvey, Marcus R"]
[Result "1/2-1/2"]
[WhiteElo "2457"]
[BlackElo "2468"]
[PlyCount "0"]
[EventDate "2024.03.23"]
[EventRounds "9"]
[EventCountry "ENG"]

1. d4 d5 2. c4 dxc4 3. Nf3 Nf6 4. e3 e6 5. Bxc4 c5 6. O-O a6 7. b3 cxd4 8. Nxd4 Bd6
9. Bd3 O-O 10. Bb2 Qe7 11. Nd2 Rd8 12. Qe2 Bd7 13. Nc4 Bc5 14. Ne5 Be8 15. Rfd1 Rc8
16. Rac1 Nbd7 17. Ndf3 Nxe5 18. Nxe5 Ba3 19. Bxa3 Qxa3 20. Nc4 Qe7 21. Qb2 Rc7 22.
Be2 Rac8 23. Bf3 h6 24. h3 Qb4 25. a3 Qe7 26. Ne5 b6 27. Rxc7 Qxc7 28. Qd4 Qc5 29.
Nc4 b5 30. Bb7 bxc4 31. Bxc8 Qxc8 32. Rc1 Qc7 33. Rxc4 Qa5 34. Qb2 Bd7 35. Qc1 Qd5
36. Qc2 e5 37. Rc5 Qd6 38. b4 e4 39. Rc4 Bb5 40. Rd4 Qe6 41. a4 Bd3 42. Qc5 Kh7 43.
b5 axb5 44. axb5 Nd7 45. Qc6 Nb6 46. Rd6 Qe5 47. Qxb6 Qa1+ 48. Kh2 Qe5+ 49. Kg1 Qa1+
50. Kh2 Qe5+ 51. Kg1  1/2-1/2

[Event "4NCL Spring GM Round Robin"]
[Site "The Milestone Peterborough Hotel"]
[Date "2024.03.25"]
[Round "4"]
[Board "4"]
[White "Makkar, Rajat"]
[Black "Teclaf, Pawel"]
[Result "0-1"]
[WhiteElo "2434"]
[BlackElo "2556"]
[PlyCount "0"]
[EventDate "2024.03.23"]
[EventRounds "9"]
[EventCountry "ENG"]

1. c4 Nf6 2. g3 c6 3. Nf3 d5 4. Bg2 dxc4 5. O-O Nbd7 6. Qc2 Nb6 7. Na3 g6 8. Nxc4
Nxc4 9. Qxc4 Bg7 10. Re1 O-O 11. d4 Bg4 12. b4 Qd5 13. Qc3 Ne4 14. Qc2 Qf5 15. Qd3
Rfd8 16. Bb2 Bxf3 17. Qxf3 Bxd4 18. Bxd4 Rxd4 19. Qe3 Rxb4 20. Rac1 Qe6 21. Rb1 Rxb1
22. Rxb1 Nd6 23. Qxe6 fxe6 24. e4 e5 25. f4 b6 26. fxe5 Nc4 27. e6 Rd8 28. e5 Nxe5
29. Re1 Nd3 30. Rd1 c5 31. Bc6 Rd4  0-1

[Event "4NCL Spring GM Round Robin"]
[Site "The Milestone Peterborough Hotel"]
[Date "2024.03.25"]
[Round "5"]
[Board "1"]
[White "Chow, Samuel"]
[Black "Gumularz, Szymon"]
[Result "1/2-1/2"]
[WhiteElo "2356"]
[BlackElo "2590"]
[PlyCount "0"]
[EventDate "2024.03.23"]
[EventRounds "9"]
[EventCountry "ENG"]

1. d4 d6 2. Nf3 Nf6 3. c4 g6 4. Nc3 Bf5 5. h3 Bg7 6. g4 Bd7 7. Bg2 O-O 8. Bf4 Nc6
9. e3 Re8 10. O-O e5 11. dxe5 dxe5 12. Bg5 h6 13. Bh4 Qc8 14. Nd2 Be6 15. Nd5 Nd7
16. Rc1 a5 17. Ne4 Kh8 18. Nef6 Nxf6 19. Bxf6 Bxf6 20. Nxf6 Rd8 21. Nd5 Rd7 22. f4
Qd8 23. Qe1 Bxd5 24. cxd5 Nb4 25. Rd1 Nxd5 26. fxe5 c6 27. Qf2 Kg8 28. Bxd5 cxd5
29. Qf6 Qe8 30. e6 fxe6 31. Qe5 Kh7  1/2-1/2

[Event "4NCL Spring GM Round Robin"]
[Site "The Milestone Peterborough Hotel"]
[Date "2024.03.25"]
[Round "5"]
[Board "2"]
[White "Teclaf, Pawel"]
[Black "Kalavannan, Koby"]
[Result "1-0"]
[WhiteElo "2556"]
[BlackElo "2324"]
[PlyCount "0"]
[EventDate "2024.03.23"]
[EventRounds "9"]
[EventCountry "ENG"]

1. Nf3 c5 2. b3 Nf6 3. Bb2 g6 4. c4 Bg7 5. g3 O-O 6. Bg2 Nc6 7. O-O d5 8. cxd5 Nxd5
9. Bxg7 Kxg7 10. d4 cxd4 11. Nxd4 Nxd4 12. Qxd4+ Nf6 13. Qe5 Qb6 14. Nc3 Be6 15.
Na4 Qb4 16. Nc5 Bd5 17. Qxe7 Kg8 18. Qxf6 Bxg2 19. Ne6 fxe6 20. Qxe6+ Kg7 21. Kxg2
Rae8 22. Qd7+ Re7 23. Qd3 h5 24. Rac1 Kh7 25. Rc4 Qa5 26. Re4 Ref7 27. Re6 Rg7 28.
Rc1 Rf5 29. Re8 Rgf7 30. f4 Qxa2 31. Qd4 R5f6 32. Qxf6 Rxf6 33. Rc7+ Kh6 34. Rh8#
 1-0

[Event "4NCL Spring GM Round Robin"]
[Site "The Milestone Peterborough Hotel"]
[Date "2024.03.25"]
[Round "5"]
[Board "3"]
[White "Harvey, Marcus R"]
[Black "Makkar, Rajat"]
[Result "1/2-1/2"]
[WhiteElo "2468"]
[BlackElo "2434"]
[PlyCount "0"]
[EventDate "2024.03.23"]
[EventRounds "9"]
[EventCountry "ENG"]

1. c4 c6 2. e4 d5 3. exd5 cxd5 4. d4 Nf6 5. Nc3 g6 6. Qb3 Nbd7 7. cxd5 Nb6 8. Bb5+
Bd7 9. Be2 Bg7 10. a4 a5 11. h3 O-O 12. Bf3 Rc8 13. Nge2 Rc4 14. O-O Rb4 15. Qd1
Bf5 16. b3 Nbxd5 17. Nxd5 Nxd5 18. Bd2 Bd3 19. Bxb4 Nxb4 20. Bxb7 Qb6 21. Bf3 Bxd4
22. Nxd4 Bxf1 23. Kxf1 Rd8 24. Qe2 Qxd4 25. Rd1 Qxd1+ 26. Qxd1 Rxd1+ 27. Bxd1 Kf8
28. Ke2 Ke8 29. Ke3 e5 30. Ke4 f6 31. f4 exf4 32. Kd4 Kd7 33. Kc5 g5 34. Kb6 Nc6
35. Bf3 Ne5 36. Be4 h5 37. Kxa5 g4 38. hxg4 hxg4 39. Kb6 g3 40. a5 Kc8 41. a6 Nd7+
42. Ka5 Kb8 43. b4 Ka7 44. b5 Nb6 45. Kb4 Nd7 46. Ka5 Nb6 47. Bc6 Nc4+ 48. Kb4 Ne5
49. Ka5 Nc4+ 50. Kb4 Ne5 51. Ka5 Nc4+ 52. Kb4 Ne5  1/2-1/2

[Event "4NCL Spring GM Round Robin"]
[Site "The Milestone Peterborough Hotel"]
[Date "2024.03.25"]
[Round "5"]
[Board "5"]
[White "Agdelen, Hueseyin Can"]
[Black "Wadsworth, Matthew J"]
[Result "1/2-1/2"]
[WhiteElo "2408"]
[BlackElo "2450"]
[PlyCount "0"]
[EventDate "2024.03.23"]
[EventRounds "9"]
[EventCountry "ENG"]

1. e4 c6 2. d4 d5 3. e5 Bf5 4. Nc3 e6 5. g4 Bg6 6. Nge2 c5 7. h4 h5 8. Nf4 Bh7 9.
Nxh5 cxd4 10. Qxd4 Nc6 11. Qa4 a6 12. Be3 Qa5 13. Qxa5 Nxa5 14. O-O-O Rc8 15. f4
Ne7 16. Bd3 Nc4 17. Bf2 b5 18. Ne2 Nc6 19. Kb1 Nb4 20. Bxh7 Rxh7 21. Nd4 Be7 22.
a3 Nc6 23. Nf3 f6 24. exf6 gxf6 25. Ng3 Bd6 26. Rhe1 Bxf4 27. Rxe6+ Kf7 28. Ree1
N6e5 29. Nxe5+ fxe5 30. Rxd5 Ke6 31. Rd4 Nd2+ 32. Ka2 Nf3 33. Rxf4 Nxe1 34. Rf5 Rxh4
35. Bxe1 Rxg4 36. Rh5 Rxc2 37. Rh6+ Kd7 38. Rh7+ Ke6 39. Rh6+ Kd7 40. Rh7+ Ke6  1/2-1/2

[Event "4NCL Spring GM Round Robin"]
[Site "The Milestone Peterborough Hotel"]
[Date "2024.03.26"]
[Round "6"]
[Board "1"]
[White "Gumularz, Szymon"]
[Black "Wadsworth, Matthew J"]
[Result "1/2-1/2"]
[WhiteElo "2590"]
[BlackElo "2450"]
[PlyCount "0"]
[EventDate "2024.03.23"]
[EventRounds "9"]
[EventCountry "ENG"]

1. e4 e5 2. Nf3 Nc6 3. Bc4 Nf6 4. d3 Bc5 5. c3 d6 6. Bg5 h6 7. Bh4 a6 8. a4 g5 9.
Bg3 Ba7 10. Nbd2 O-O 11. O-O Ne7 12. d4 Ng6 13. dxe5 Nh5 14. exd6 Nxg3 15. hxg3 Qxd6
16. Nd4 Bxd4 17. cxd4 Qxd4 18. Qc2 Bg4 19. Nb3 Qe5 20. Rae1 b5 21. Bd5 bxa4 22. Bxa8
axb3 23. Qc6 Qxb2 24. Qxa6 Ne5 25. Bd5 c6 26. Bxc6 Nxc6 27. Qxc6 Be6 28. Rd1 Rc8
29. Qd6 Qc3 30. Kh2 b2 31. f4 Ba2 32. e5 Qc2 33. f5 Qc6 34. Qe7 b1=Q 35. Rxb1 Bxb1
36. Rxb1 Re8 37. Qd6 Qxd6 38. exd6 g4 39. Rd1 Kf8 40. Kg1 Ra8 41. Kf2 Ke8 42. Rh1
Ra5 43. Rh5 Re5 44. Rxh6 Rxf5+ 45. Ke3 Kd7 46. Rh4 Kxd6 47. Rxg4 Ra5 48. Re4 f5 49.
Re8 Kd7 50. Rb8  1/2-1/2

[Event "4NCL Spring GM Round Robin"]
[Site "The Milestone Peterborough Hotel"]
[Date "2024.03.26"]
[Round "6"]
[Board "2"]
[White "Royal, Shreyas"]
[Black "Agdelen, Hueseyin Can"]
[Result "0-1"]
[WhiteElo "2457"]
[BlackElo "2408"]
[PlyCount "0"]
[EventDate "2024.03.23"]
[EventRounds "9"]
[EventCountry "ENG"]

1. d4 Nf6 2. c4 g6 3. Nc3 Bg7 4. e4 d6 5. Be2 O-O 6. Be3 Na6 7. Nf3 e5 8. O-O Qe7
9. d5 Ng4 10. Bg5 f6 11. Bd2 f5 12. exf5 gxf5 13. Ng5 h6 14. Nh3 Bd7 15. f3 Nf6 16.
Re1 c6 17. Rc1 Kh8 18. Nf2 Nc7 19. dxc6 Bxc6 20. b4 b6 21. Bf1 Rad8 22. Ne2 Nh5 23.
Ng3 Qh4 24. Nxh5 Qxh5 25. Nd3 Ne6 26. b5 Bb7 27. Nb4 Bf6 28. Nd5 Bh4 29. f4 Qg6 30.
fxe5 Bxe1 31. Qxe1 dxe5 32. Qxe5+ Ng7 33. Nf4 Qf7 34. Nd3 Be4 35. Qg3 f4 36. Qh3
Qg6 37. Nxf4 Qg5 38. Qe3 Rxd2 39. Qxd2 Rxf4 40. Rd1 Ne6 41. Qc3+ Qg7 42. Qh3 Ng5
43. Qg3 Rf8 44. Rd6 Qa1 45. Rxh6+ Nh7  0-1

[Event "4NCL Spring GM Round Robin"]
[Site "The Milestone Peterborough Hotel"]
[Date "2024.03.26"]
[Round "6"]
[Board "3"]
[White "Makkar, Rajat"]
[Black "Cherniaev, Alexander"]
[Result "1-0"]
[WhiteElo "2434"]
[BlackElo "2375"]
[PlyCount "0"]
[EventDate "2024.03.23"]
[EventRounds "9"]
[EventCountry "ENG"]

1. d4 g6 2. e4 Bg7 3. Nf3 d6 4. Be2 Nf6 5. Nc3 O-O 6. O-O Bg4 7. Be3 Nc6 8. d5 Bxf3
9. Bxf3 Ne5 10. Be2 c6 11. f4 Ned7 12. dxc6 bxc6 13. Kh1 Qc7 14. Rb1 Rfb8 15. Qd2
a5 16. b3 Rb4 17. Bf3 e5 18. a3 Rb7 19. g3 Re8 20. Rbd1 Bf8 21. Bg2 Ng4 22. Bg1 exf4
23. gxf4 Ngf6 24. Qd3 Nh5 25. Ne2 Ng7 26. Ng3 Ne6 27. Qf3 Nec5 28. Bd4 Qd8 29. e5
d5 30. c4 Rxb3 31. Qg4 Ne6 32. cxd5 cxd5 33. f5 Nxd4 34. fxg6 hxg6 35. Bxd5 Nxe5
36. Qxd4 Rb6 37. Qxe5 Rxe5 38. Bxf7+ Kg7 39. Rxd8 Bxa3 40. Bd5 Rb4 41. Kg2 Rd4 42.
Rf7+ Kh6 43. Rh8+  1-0

[Event "4NCL Spring GM Round Robin"]
[Site "The Milestone Peterborough Hotel"]
[Date "2024.03.26"]
[Round "6"]
[Board "4"]
[White "Kalavannan, Koby"]
[Black "Harvey, Marcus R"]
[Result "0-1"]
[WhiteElo "2324"]
[BlackElo "2468"]
[PlyCount "0"]
[EventDate "2024.03.23"]
[EventRounds "9"]
[EventCountry "ENG"]

1. g3 e5 2. c4 c6 3. d4 e4 4. Nc3 d5 5. a3 h6 6. Bf4 Nf6 7. cxd5 cxd5 8. Qa4+ Bd7
9. Qb3 Bc6 10. e3 a6 11. f3 Qa5 12. O-O-O Nbd7 13. fxe4 g5 14. Be5 Nxe5 15. dxe5
Nxe4 16. Nxe4 dxe4 17. Bc4 Qc7 18. Kb1 b5 19. Be6 Bg7 20. h4 g4 21. Ne2 O-O 22. Bxg4
Qxe5 23. Rhf1 Kh8 24. Rf5 Qe7 25. Bh5 Bd7 26. Rxf7 Be6 27. Rxe7 Bxb3 28. Nf4 Bxd1
29. Bxd1 Rfe8 30. Rf7 Red8 31. Bc2 Rac8 32. Ng6+ Kg8 33. Rf2 Re8 34. Rf4 Rcd8 35.
Kc1 Rd6 36. h5 Rf6 37. Bb3+ Kh7 38. Bd5 a5 39. Kb1 Rd6 40. Bxe4 Rd2 41. Bc2 Rc8 42.
Nf8+ Kg8 43. Bb3+ Kh8 44. Ng6+ Kh7 45. Be6 Rxb2+ 46. Ka1 Rc1#  0-1

[Event "4NCL Spring GM Round Robin"]
[Site "The Milestone Peterborough Hotel"]
[Date "2024.03.26"]
[Round "6"]
[Board "5"]
[White "Chow, Samuel"]
[Black "Teclaf, Pawel"]
[Result "0-1"]
[WhiteElo "2356"]
[BlackElo "2556"]
[PlyCount "0"]
[EventDate "2024.03.23"]
[EventRounds "9"]
[EventCountry "ENG"]

1. d4 Nf6 2. c4 e6 3. Nf3 Bb4+ 4. Bd2 Qe7 5. e3 b6 6. Bd3 Bb7 7. O-O Bxd2 8. Nbxd2
d6 9. e4 e5 10. b4 exd4 11. Nxd4 O-O 12. Qc2 g6 13. a3 c5 14. N4f3 Nc6 15. b5 Ne5
16. Nxe5 dxe5 17. Nb1 Nh5 18. Nc3 Nf4 19. Nd5 Qg5 20. f3 Bxd5 21. h4 Qxh4 22. exd5
f5 23. Rae1 Qg3 24. Qd2 Qg5 25. Qc2 Rae8 26. Kh2 Qh4+ 27. Kg1 Qg3  0-1